| 000 -LEADER |
| fixed length control field |
01309cam a22003614a 4500 |
| 001 - CONTROL NUMBER |
| control field |
7844152 |
| 003 - CONTROL NUMBER IDENTIFIER |
| control field |
OSt |
| 005 - DATE AND TIME OF LATEST TRANSACTION |
| control field |
20211122102208.0 |
| 006 - FIXED-LENGTH DATA ELEMENTS--ADDITIONAL MATERIAL CHARACTERISTICS |
| fixed length control field |
m d |
| 007 - PHYSICAL DESCRIPTION FIXED FIELD--GENERAL INFORMATION |
| fixed length control field |
cr n |
| 008 - FIXED-LENGTH DATA ELEMENTS--GENERAL INFORMATION |
| fixed length control field |
070601s2007 gw a sb 001 0 eng d |
| 020 ## - INTERNATIONAL STANDARD BOOK NUMBER |
| International Standard Book Number |
9783540734239 |
| 035 ## - SYSTEM CONTROL NUMBER |
| System control number |
(WaSeSS)ssj0000289532 |
| 038 ## - RECORD CONTENT LICENSOR |
| Staff Name |
Khadija |
| 040 ## - CATALOGING SOURCE |
| Original cataloging agency |
DLC |
| Transcribing agency |
DLC |
| Modifying agency |
DLC |
| -- |
WaSeSS |
| 050 #4 - LIBRARY OF CONGRESS CALL NUMBER |
| Classification number |
TJ211.495 |
| Item number |
.A984 2007 |
| 082 00 - DEWEY DECIMAL CLASSIFICATION NUMBER |
| Classification number |
629.89263 |
| Edition number |
22 |
| Author Mark |
AUT |
| 210 10 - ABBREVIATED TITLE |
| Abbreviated title |
Autonomous robots and agents |
| 245 00 - TITLE STATEMENT |
| Title |
Autonomous Robots and Agents / |
| Statement of responsibility, etc. |
Subhas Chandra Mukhopadhyay, Gourab Sen Gupta (eds.). |
| 260 ## - PUBLICATION, DISTRIBUTION, ETC. |
| Place of publication, distribution, etc. |
Berlin ; |
| -- |
New York : |
| Name of publisher, distributor, etc. |
Springer, |
| Date of publication, distribution, etc. |
c2007. |
| 440 #0 - SERIES STATEMENT/ADDED ENTRY--TITLE |
| Title |
Studies in computational intelligence ; |
| Volume/sequential designation |
vol. 76 |
| 9 (RLIN) |
84848 |
| 504 ## - BIBLIOGRAPHY, ETC. NOTE |
| Bibliography, etc. note |
Includes bibliographical references and index. |
| 506 ## - RESTRICTIONS ON ACCESS NOTE |
| Terms governing access |
License restrictions may limit access. |
| 563 ## - BINDING INFORMATION |
| Binding note |
HB |
| 650 #0 - SUBJECT ADDED ENTRY--TOPICAL TERM |
| Topical term or geographic name entry element |
Autonomous robots. |
| 9 (RLIN) |
84849 |
| 650 #0 - SUBJECT ADDED ENTRY--TOPICAL TERM |
| Topical term or geographic name entry element |
Intelligent agents (Computer software) |
| 9 (RLIN) |
84850 |
| 700 1# - ADDED ENTRY--PERSONAL NAME |
| Personal name |
Mukhopadhyay, Subhas Chandra. |
| 9 (RLIN) |
84851 |
| 700 1# - ADDED ENTRY--PERSONAL NAME |
| Personal name |
Sen Gupta, Gourab. |
| 9 (RLIN) |
84852 |
| 773 #0 - HOST ITEM ENTRY |
| Title |
SpringerLink ebooks - Engineering (2007) |
| 856 40 - ELECTRONIC LOCATION AND ACCESS |
| Uniform Resource Identifier |
<a href="http://www.columbia.edu/cgi-bin/cul/resolve?clio7844152">http://www.columbia.edu/cgi-bin/cul/resolve?clio7844152</a> |
| Public note |
Full text available from SpringerLink ebooks - Engineering (2007) |
| 910 ## - USER-OPTION DATA (OCLC) |
| User-option data |
Library of Congress record |
| 942 ## - ADDED ENTRY ELEMENTS (KOHA) |
| Source of classification or shelving scheme |
|
| Koha item type |
Book |